Oceanos - Statistics

Estatísticas Gerais
  • Esse quiz foi jogado 267 vezes
  • A pontuação média é 12 de 15
Estatísticas das Respostas
Hint Resposta % Correto
Que oceano separa a Ásia e a Oceânia da América? Pacífico
97%
Qual é o maior oceano? Pacífico
97%
Que oceano separa a Europa, Ásia e África da América? Atlântico
95%
Qual o primeiro oceano a ser descoberto? Atlântico
95%
Em que oceano se encontra Portugal? Atlântico
95%
Por quantos oceanos é constituído o nosso planeta? 5
94%
Que oceano banha o sul da Ásia e separa a África da Austrália? Índico
93%
Em que oceano ficam o mar Vermelho e o golfo Pérsico? Indico
93%
Por que tipo de água são compostos os oceanos? Água Salgada
91%
Que oceano banha os entornos do Polo Norte, entre as porções norte da América do Norte , da Europa e da Ásia? Oceano Glacial Ártico
78%
Que oceano circunda a Antártida? Oceano Glacial Antártico
77%
Em que oceano podemos encontrar Icebergs? Antártico
70%
Em que oceano podes observar o fenómeno da Aurora polar? Ártico
70%
Qual é o ponto mais profundo do oceano? Fossa das Marianas
48%
Que nome é dado á ciência que estuda os oceanos? Oceanografia
43%
Nenhum quiz correspondente encontrado
Distribuição das Pontuações
Porcentagem de Pessoas com Cada Pontuação
Percentil de Números Respondidos
Sua Pontuação Histórica
Você não jogou esse quiz